FAMILY LAW LECTURES : FAMILY LAW - I (Record no. 8811)

MARC details
000 -LEADER
fixed length control field 00442nam a22001697a 4500
005 - DATE AND TIME OF LATEST TRANSACTION
control field 20250911114517.0
008 - FIXED-LENGTH DATA ELEMENTS--GENERAL INFORMATION
fixed length control field 250910b |||||||| |||| 00| 0 eng d
020 ## - INTERNATIONAL STANDARD BOOK NUMBER
ISBN 978-81-952945-5-8
041 ## - LANGUAGE CODE
Language code of text/sound track or separate title eng
082 ## - DEWEY DECIMAL CLASSIFICATION NUMBER
Classification number 346.01 SAX-F
100 ## - MAIN ENTRY--AUTHOR NAME
Personal name SAXENA, DR.POONAM PRADHAN
245 ## - TITLE STATEMENT
Title FAMILY LAW LECTURES : FAMILY LAW - I
260 ## - PUBLICATION, DISTRIBUTION, ETC. (IMPRINT)
Place of publication HARYANA
Name of publisher LEXIS NEXIS
Year of publication 2021
300 ## - PHYSICAL DESCRIPTION
Number of Pages 537;P
650 ## - SUBJECT ADDED ENTRY--TOPICAL TERM
Topical Term LEGAL STUDIES
942 ## - ADDED ENTRY ELEMENTS (KOHA)
Koha item type Books
Holdings
Lost status Damaged status Collection code Home library Current library Shelving location Date acquired Source of acquisition Cost, normal purchase price Full call number Accession Number Koha item type
    LAW JRU Library JRU Library SHELF-30-C 10/09/2025 PURCHASE 995.00 346.01 28825 Books
    LAW JRU Library JRU Library SHELF-30-C 10/09/2025 PURCHASE 995.00 346.01 28826 Books
    LAW JRU Library JRU Library SHELF-30-C 10/09/2025 PURCHASE 995.00 346.01 28827 Books
    LAW JRU Library JRU Library SHELF-30-C 10/09/2025 PURCHASE 995.00 346.01 28828 Books
    LAW JRU Library JRU Library SHELF-30-C 10/09/2025 PURCHASE 995.00 346.01 28829 Books